000 00295nam a2200121Ia 4500
008 190216s9999||||xx |||||||||||||| ||und||
100 _aKarassery M N
245 0 _aMakkayilekkulla Patha
260 _bIslamic Publishing House
_c1954
300 _a558p
650 _aIslamic History
942 _cBK
999 _c22313
_d22313